000 00431nam a2200181Ia 4500
001 9156
005 20260306160702.0
008 260306t2011||||xx |||||||||||||| ||spa||
041 _aESP
082 _a373.2
_bB59
100 _aBisquerra Alzina, Rafael
_eAUT
245 0 _aEducación emocional y bienestar
260 _c2011
300 _a303 páginas :
_c24 cm.
650 _aGEN
654 _aCED
942 _cLIB
_dJUS
_fJUS
_2ddc
_n
999 _c9156
_d9156